Dick Whittington and his cat / (Record no. 109996)
[ view plain ]
| 000 -LEADER | |
|---|---|
| fixed length control field | 00764nam a2200229 a 4500 |
| 001 - CONTROL NUMBER | |
| control field | 0215 |
| 005 - DATE AND TIME OF LATEST TRANSACTION | |
| control field | 20140414131847.0 |
| 008 - FIXED-LENGTH DATA ELEMENTS--GENERAL INFORMATION | |
| fixed length control field | 040819s19uu xx 00 eng d |
| 020 ## - INTERNATIONAL STANDARD BOOK NUMBER | |
| International Standard Book Number | 0-689-81525-5 |
| 050 ## - LIBRARY OF CONGRESS CALL NUMBER | |
| Classification number | M 398.2 |
| Item number | B81 1997 |
| 100 ## - MAIN ENTRY--PERSONAL NAME | |
| Personal name | Brown, Marcia |
| 245 ## - TITLE STATEMENT | |
| Title | Dick Whittington and his cat / |
| Statement of responsibility, etc | told and cut by linoleum by Marcia Brown. |
| 260 ## - PUBLICATION, DISTRIBUTION, ETC. (IMPRINT) | |
| Place of publication, distribution, etc | New York : |
| Name of publisher, distributor, etc | Aladdin Paperbacks, |
| Date of publication, distribution, etc | 1997. |
| 300 ## - PHYSICAL DESCRIPTION | |
| Extent | 1 v.p. : ill. ; cm. |
| 520 ## - SUMMARY, ETC. | |
| Summary, etc | A retelling of the legend about a boy who became mayor London, who heard his future in the Bells of Bow and made his fortune through his cat. |
| 650 ## - SUBJECT ADDED ENTRY--TOPICAL TERM | |
| Topical term or geographic name as entry element | Whittington, Richard |
| General subdivision | 1423. |
| 650 ## - SUBJECT ADDED ENTRY--TOPICAL TERM | |
| Topical term or geographic name as entry element | Folklore |
| General subdivision | Great Britain. |
| Withdrawn status | Lost status | Damaged status | Use restrictions | Home library | Current library | Shelving location | Date acquired | Source of acquisition | Total Checkouts | Full call number | Barcode | Date last seen | Price effective from | Koha item type |
|---|---|---|---|---|---|---|---|---|---|---|---|---|---|---|
| Munich Library | Munich Library | Main Section | 08/19/2004 | M 398.2 B81 1997 | M0226 | 04/14/2014 | 04/14/2014 | Books | ||||||
| Munich Library | Munich Library | Main Section | 08/19/2004 | M 398.2 B81 1997 | M0228 | 04/14/2014 | 04/14/2014 | Books | ||||||
| Munich Library | Munich Library | Main Section | 08/19/2004 | M 398.2 B81 1997 | M0229 | 04/14/2014 | 04/14/2014 | Books | ||||||
| Munich Library | Munich Library | Main Section | 08/19/2004 | M 398.2 B81 1997 | M0227 | 04/14/2014 | 04/14/2014 | Books |